John Brookers : (Record no. 34811)

MARC details
000 -LEADER
fixed length control field 01112nam a22002654a 4500
005 - DATE AND TIME OF LATEST TRANSACTION
control field 20100320141844.0
008 - FIXED-LENGTH DATA ELEMENTS--GENERAL INFORMATION
fixed length control field 060124s2005 paua 001 0 eng
010 ## - LCCN (DPL NO)
LC control number B-379397
020 ## - INTERNATIONAL STANDARD BOOK NUMBER
International Standard Book Number 9781840914481
Terms of availability 1195.00
035 ## - SYSTEM CONTROL NUMBER
System control number B-379397
037 ## - SOURCE OF ACQUISITION
Source of stock number/acquisition Pansy Books
040 ## - CATALOGING SOURCE
Original cataloging agency dpl
Language of cataloging English
082 ## - DEWEY DECIMAL CLASSIFICATION NUMBER
Classification number 712.6092
100 ## - MAIN ENTRY--PERSONAL NAME
Personal name Simms, Barbara
245 ## - TITLE STATEMENT
Title John Brookers :
Statement of responsibility, etc by barbara Simms
Remainder of title garden and landscape designer /
260 ## - PUBLICATION, DISTRIBUTION, ETC. (IMPRINT)
Name of publisher, distributor, etc Conran Octopus
Date of publication, distribution, etc 2007
Place of publication, distribution, etc London
270 ## - ADDRESS
Address 2-4 Heron Quays,
City London
Postal code E14 4JP
300 ## - PHYSICAL DESCRIPTION
Extent 208 p. :
Other physical details ill. (chiefly col.), ports., plans
Dimensions 29 cm(Hb)
500 ## - GENERAL NOTE
General note Includes bibliographical references and index.
650 ## - SUBJECT ADDED ENTRY--TOPICAL TERM
Topical term or geographic name as entry element Gardens
General subdivision Design.
650 ## - SUBJECT ADDED ENTRY--TOPICAL TERM
Topical term or geographic name as entry element Landscape gardening.
942 ## - ADDED ENTRY ELEMENTS (KOHA)
Source of classification or shelving scheme Dewey Decimal Classification
Item type English Books
Call number suffix SIM
Classification part 712.6092
Holdings
Withdrawn status Lost status Source of classification or shelving scheme Damaged status Not for loan Collection code Home library Current library Date acquired Source of acquisition Cost, normal purchase price Total Checkouts Full call number Barcode Date last seen Copy number Cost, replacement price Koha item type
    Dewey Decimal Classification   Not For Loan Non-fiction Central Library Central Library 22/03/2010 Pansy Books/986/24.2.10/177/23.2.10/24.2.10 1195.00   712.6092 SIM B-379397 22/03/2010 1 1195.00 Reference Books

© Delhi Public Library
Hit Counter
free hit counter